II wojna światowa A-Z #2 - Statystyki

Ogólne statystyki
  • Ten quiz został rozwiązany 288 razy
  • Średni wynik to 10 z 24
Statystyki odpowiedzi
Litera Wskazówka Odpowiedź % Poprawnych
S Radziecki dyktator Józef Stalin
86%
H Miasto uderzone bombą atomową Hiroszima
79%
K Manifest Hitlera Mein {Kampf}
79%
W Miasto, w którym getto liczyło 400 000 Żydów Warszawa
74%
A Nazistowska „rasa panów” Aryjska
71%
L Rosyjskie miasto oblężone przez 3 lata Leningrad
71%
P Atak na bazę marynarki wojennej USA w 1941 roku Pearl Harbor
69%
Z Niemcy zaatakowały te państwo 22 czerwca 1941 roku Związek Socjalistycznych Republik Radzieckich
61%
M Punkt zwrotny na teatrze Pacyfiku Bitwa o {Midway}
53%
D Niemieckie miasto zniszczone przez bomby zapalające Drezno
49%
R Niemiecki dowódca w Afryce Erwin Rommel
49%
T Jugosłowiański przywódca partyzancki Josip Broz Tito
48%
F Pseudonim bombowca B-17 Latająca {Forteca}
41%
E Naczelny dowódca aliantów Dwight D. Eisenhower
39%
I Wyspa, na której amerykańscy marines podnieśli flagę Iwo Jima
35%
U Jedna z amerykańskich plaż w D-Day {Utah} Beach
25%
C Przywódca Chin Czang Kaj-szek
24%
J Niemieckie słowo oznaczające myśliwego lub lekką piechotę Jäger
22%
O Gorzka bitwa na Pacyfiku w 1945 roku Okinawa
22%
G Dowódca Luftwaffe Hermann Göring
16%
Q Miejsce konferencji USA/Wielka Brytania w 1943 roku Quebec
12%
N Podstawowy język Indiańskich szyfrantów Nawaho
7%
Y Najwyższy admirał Japonii Isoroku Yamamoto
6%
B Brytyjska strona łamania kodów {Bletchley} Park
4%
Nie znaleziono quizów pasujących do podanych kryteriów
Rozkład punktacji
Procent ludzi z każdym wynikiem
Percentyl według liczby udzielonych odpowiedzi
Twoja historia wyników
Nie rozwiązałeś tego quizu